000 00809nam a2200229 4500
005 20191224041616.0
008 140303s1993 ck a||||r|||| 00| 0 spa d
040 _aCO-BoIAVH
_cCO-BoIAVH
041 0 _aspa
044 _ack
082 0 4 _a583.74012
_bS21v
100 1 _aSánchez Vega, Isidoro
_eautor
245 1 4 _aLas especies de leguminosas del Valle de Cajamarca :
_buna aproximación /
_cIsidoro Sánchez Vega
260 _aCajamarca (Perú) :
_bProyecto Piloto de Ecosistemas Andinos,
_c1993.
300 _a100 páginas :
_bilustraciones ;
_c21 x 15 cm.
504 _aIncluye referencias bibliográficas.
650 1 6 _aLeguminosas
650 2 6 _aLeguminosas
_xClasificación
650 2 4 _aEcosistemas andinos
662 _aPerú
_cValle de Cajamarca
942 _cLIBRO
_2ddc
999 _c1857
_d1857